000 00633cam a2200205 4500
001 WB3717-27
008 000000n2001 000 0 eng u
035 _a(Sirsi) u112392
245 _aFarmers paind £1m
260 _c2001
490 _aTimes
_v3 May 2001, 6(1)
520 _aFigures released by MAFF reveal that five farms received payments of more than £1m, with one receiving £1.8m, under the Common Agricultural Policy during 2000-2001.
590 _aWB
650 _aCAP
650 _aCAP PAYMENTS
650 _aCOMMON AGRICULTURAL POLICY
650 _aSET ASIDE PAYMENTS
690 _aRural
_96268
942 _n0
999 _c66889
_d66889